000 00296nam a2200109Ia 4500
008 171204s9999 xx 000 0 und d
245 _aResorts of 10 Leading Brands:
245 _cMandy Li
260 _c2013
650 _xResort Management
856 _uhttp://down.ebook777.com/046/9881545269.pdf
999 _c346833
_d346833